Forestry in Germany, (Record no. 10925)

MARC details
000 -LEADER
fixed length control field 00620cam a22002291 4500
001 - CONTROL NUMBER
control field agr49000010
003 - CONTROL NUMBER IDENTIFIER
control field DLC
005 - DATE AND TIME OF LATEST TRANSACTION
control field 20260227111010.0
008 - FIXED-LENGTH DATA ELEMENTS--GENERAL INFORMATION
fixed length control field 800326s1948 nyu 000 0 eng
010 ## - LIBRARY OF CONGRESS CONTROL NUMBER
LC control number agr49000010
035 ## - SYSTEM CONTROL NUMBER
System control number (OCoLC)6129840
040 ## - CATALOGING SOURCE
Original cataloging agency DLC
Transcribing agency NSySU-F
Modifying agency DLC
042 ## - AUTHENTICATION CODE
Authentication code premarc
043 ## - GEOGRAPHIC AREA CODE
Geographic area code e-gx---
050 00 - LIBRARY OF CONGRESS CALL NUMBER
Classification number SD195
Item number .S28
100 1# - MAIN ENTRY--PERSONAL NAME
Personal name Schenck, Carl Alwin,
Dates associated with a name 1868-
245 10 - TITLE STATEMENT
Title Forestry in Germany,
Remainder of title present and prospective.
260 ## - PUBLICATION, DISTRIBUTION, ETC.
Place of publication, distribution, etc. New York,
Name of publisher, distributor, etc. Newsprint Service Bureau,
Date of publication, distribution, etc. 1948.
300 ## - PHYSICAL DESCRIPTION
Extent 42 p
Dimensions 22 cm.
500 ## - GENERAL NOTE
General note Cover title.
650 #0 - SUBJECT ADDED ENTRY--TOPICAL TERM
Topical term or geographic name entry element Forests and forestry
Geographic subdivision Germany.

No items available.

Powered by Koha